| 000 | 00631nam a2200229Ia 4500 | ||
|---|---|---|---|
| 008 | 160404s9999 xx 000 0 und d | ||
| 020 | _a971-08-743-1 | ||
| 050 | _aFIL HB 615 | ||
| 050 | _b.C36 2004 .c2 | ||
| 100 | _aCamposano, Jorge A. | ||
| 245 | _aEntrepreneurship for modern business / | ||
| 245 | _cJorge A. Camposano. | ||
| 260 | _aMandaluyong: | ||
| 260 | _bNational Book Store, | ||
| 260 | _c2006 | ||
| 300 | _a524 pages : | ||
| 300 | _billustrations ; | ||
| 300 | _c22 cm. | ||
| 500 | _aIncludes bibliographical references. | ||
| 650 | _a Entrepreneurship. | ||
| 650 | _xEntrepreneurship -- Philippines. | ||
| 999 |
_c293260 _d293260 |
||